[Event "1st Killer Chess Training Open 2023"]
[Site "Copenhagen"]
[Date "2023.10.15"]
[Round "2.8"]
[White "Kistrup, Nicolai"]
[Black "Zander, Emil"]
[Result "1/2-1/2"]
[WhiteElo "2387"]
[BlackElo "2072"]
[EventDate "2023.10.14"]
[EventType "swiss"]
[EventRounds "9"]
[EventCountry "DEN"]
[SourceTitle "Live v. Obro Skakforening"]

1. d4   Nf6  2. c4   g6  3. Nc3   d5  4. Nf3   Bg7  5. h4   c6  6. cxd5   cxd5  7. Bf4   Nc6  8. e3   Bf5  9. Qb3   Qb6  10. Qxb6  10... axb6  11. Bb5   O-O  12. Ke2   Rfc8  13. Rhc1   Ra5  14. a4   Raa8  15. Nd2   Nb4  16. Ra3   Nc6  17. f3   h5  18. Raa1   Nb4  19. Ra3   Nc6  20. Bg5  20... e6  21. Rg1   Na7  22. Bd3   Bxd3+  23. Kxd3   Nd7  24. Rb3   Nc6  25. Ra1   Bf8  26. Ke2   Na5  27. Rb5   Nc6  28. Rb3   Na5  29. Rb5   Nc4  30. Nxc4  30... Rxc4  31. Kd3   Bg7  32. Be7   Ra6  33. b3   Rc6  34. e4   dxe4+  35. fxe4   Ra8  36. e5   Re8  37. Bb4   Rd8  38. Be7   Re8  39. Bb4   Rd8  40. Be7  1/2-1/2

[Event "1st Killer Chess Training Open 2023"]
[Site "Copenhagen"]
[Date "2023.10.15"]
[Round "2.9"]
[White "Anakok, Deniz"]
[Black "Chatalbashev, Boris"]
[Result "1/2-1/2"]
[WhiteElo "1916"]
[BlackElo "2467"]
[EventDate "2023.10.14"]
[EventType "swiss"]
[EventRounds "9"]
[EventCountry "DEN"]
[SourceTitle "Live v. Obro Skakforening"]

1. e4   d5  2. exd5   Qxd5  3. Nc3   Qd6  4. d4   Nf6  5. Nf3   g6  6. Be2   Bg7  7. O-O   O-O  8. Be3   a6  9. Qd2   b5  10. a3  10... Bb7  11. Rfd1   Nbd7  12. b4   Nb6  13. Ne5   Nbd5  14. Nxd5   Nxd5  15. Bf3   Nxe3  16. Qxe3   Bxf3  17. Nxf3   Rfd8  18. h3   a5  19. c3   e6  20. Ne5  20... Bxe5  21. Qxe5   Qc6  22. Qc5   Qb7  23. c4   bxc4  24. Qxc4   axb4  25. axb4   Rab8  26. Rac1   Rd7  27. Rb1   Qe4  28. Rb2   h5  29. Rbd2   Rb6  30. Rb2  30... e5  31. Re2   Rxb4  32. Qa6   Qf5  33. Rxe5   Qxe5  34. Qc8+   Kg7  35. Qxd7   Qe2  36. Rf1   Rc4  37. Qd5   Rc2  38. Qe5+   Qxe5  39. dxe5   Kf8  40. Re1  40... Ke7  41. g3   Ke6  42. Kg2   g5  43. Re3   Rc5  44. f4   gxf4  45. gxf4   Kf5  46. Kg3   Rc4  47. e6   h4+  48. Kxh4   fxe6  49. Kg3   c5  50. Re5+  50... Kf6  51. h4   Rc1  52. h5   c4  53. h6   c3  54. Rh5   Rg1+  55. Kf2   Rg8  56. h7   Rh8  57. Rc5   Rxh7  58. Rxc3   Kf5  59. Kg3   Rd7  60. Rc5+  60... Rd5  61. Rxd5+   exd5  62. Kf3   d4  63. Ke2   Kxf4  64. Kd3   Ke5  65. Kd2   Ke4  66. Ke2   d3+  67. Kd2   Kd4  68. Kd1   Kc4  69. Kd2  1/2-1/2

[Event "1st Killer Chess Training Open 2023"]
[Site "Copenhagen"]
[Date "2023.10.15"]
[Round "2.10"]
[White "Holinka, Henning"]
[Black "Halmeenmaki, Tuomo"]
[Result "0-1"]
[WhiteElo "2263"]
[BlackElo "2067"]
[EventDate "2023.10.14"]
[EventType "swiss"]
[EventRounds "9"]
[EventCountry "DEN"]
[SourceTitle "Live v. Obro Skakforening"]

1. e4   e5  2. Nf3   Nf6  3. Nxe5   Nxe4  4. Qe2   Qe7  5. Qxe4   d6  6. f4   f5  7. Qe3   dxe5  8. fxe5   Nc6  9. Bb5   Bd7  10. Bxc6  10... Bxc6  11. O-O   O-O-O  12. d4   g5  13. c4   f4  14. Qc3   Bg7  15. Re1   Rhe8  16. b4   f3  17. b5   Rf8  18. Be3   Qf7  19. Rf1   Bxe5  20. bxc6  20... Bxh2+  21. Kxh2   Qh5+  22. Kg1   fxg2  23. Kxg2   Qg4+  24. Kh2   Rxf1  25. Nd2   Qh4+  26. Kg2   Qh1+  27. Kg3   Qh4+  28. Kg2   Qh1+  29. Kg3   Rxa1  30. cxb7+  30... Kb8  31. d5   Rg1+  32. Bxg1   Qxg1+  33. Kf3   Rf8+  34. Ke4   Rf4+  35. Kd3   Qg3+  36. Kc2   Qxc3+  37. Kxc3   Kxb7  0-1

[Event "1st Killer Chess Training Open 2023"]
[Site "Copenhagen"]
[Date "2023.10.15"]
[Round "2.11"]
[White "Thorsen, Adrian Stenstrop"]
[Black "Semprun Martinez, Fernando"]
[Result "1-0"]
[WhiteElo "2165"]
[BlackElo "2064"]
[EventDate "2023.10.14"]
[EventType "swiss"]
[EventRounds "9"]
[EventCountry "DEN"]
[SourceTitle "Live v. Obro Skakforening"]

1. e4   e5  2. Nf3   Nc6  3. Bb5   a6  4. Ba4   Nf6  5. O-O   d6  6. Re1   Bd7  7. c3   g6  8. d4   Bg7  9. Nbd2   O-O  10. Nf1  10... b5  11. Bb3   Bg4  12. Be3   exd4  13. cxd4   Na5  14. Bc2   Nc4  15. Bc1   Re8  16. b3   Nb6  17. Bb2   c5  18. Ne3   Be6  19. Ng5   Bc8  20. e5  20... Nfd5  21. Nxd5   Nxd5  22. Nxf7   Kxf7  23. Qf3+   Kg8  24. Qxd5+   Be6  25. Qxd6   Qxd6  26. exd6   Rad8  27. Be4   Rxd6  28. dxc5   Bxb2  29. cxd6   Bxa1  30. Rxa1  30... Kf7  31. Bb7   a5  32. Bc6   Rd8  33. Rd1   b4  34. Bb5   Kf6  35. f4   Bg4  36. Rd2   Bf5  37. Kf2  1-0

[Event "1st Killer Chess Training Open 2023"]
[Site "Copenhagen"]
[Date "2023.10.15"]
[Round "2.12"]
[White "Roe, Simon J"]
[Black "Brondal, Paul"]
[Result "1-0"]
[WhiteElo "2161"]
[BlackElo "2024"]
[EventDate "2023.10.14"]
[EventType "swiss"]
[EventRounds "9"]
[EventCountry "DEN"]
[SourceTitle "Live v. Obro Skakforening"]

1. c4   c6  2. Nf3   d5  3. e3   Nf6  4. Nc3   Bg4  5. Qb3   Qb6  6. Ne5   Be6  7. d4   Nbd7  8. Nxd7   Bxd7  9. Na4   Qxb3  10. axb3  10... O-O-O  11. Nc5   Kb8  12. Nxd7+   Rxd7  13. Be2   e6  14. Bd2   Bd6  15. f3   e5  16. Bc3   Re8  17. Kf2   Rde7  18. Rhe1   c5  19. dxc5   Bxc5  20. b4  20... Bxe3+  21. Kxe3   d4+  22. Bxd4   exd4+  23. Kd2   Re3  24. Bd3   g6  25. Rxe3   dxe3+  26. Ke2   Nh5  27. g3   f5  28. f4   Nf6  29. h3   Nh5  30. Kf3  30... Rd8  31. Rd1   Kc7  32. g4   fxg4+  33. hxg4   Nf6  34. g5   Nh5  35. Kxe3   Re8+  36. Kf3   Rd8  37. Bc2   Rxd1  38. Bxd1   Kd6  39. Bc2   Ng7  40. c5+  40... Ke7  41. Kg4   Ne6  42. f5   Nf8  43. Kf4   Kd7  44. Be4   b6  45. Ke5   Ke7  46. c6   gxf5  47. Bxf5   Ng6+  48. Bxg6   hxg6  49. b5  1-0

[Event "1st Killer Chess Training Open 2023"]
[Site "Copenhagen"]
[Date "2023.10.16"]
[Round "3.2"]
[White "Arizmendi Martinez, Julen Luis"]
[Black "Brunello, Sabino"]
[Result "1/2-1/2"]
[WhiteElo "2515"]
[BlackElo "2486"]
[EventDate "2023.10.14"]
[EventType "swiss"]
[EventRounds "9"]
[EventCountry "DEN"]
[SourceTitle "Live v. Obro Skakforening"]

1. e4   e5  2. Nf3   Nf6  3. Nxe5   d6  4. Nf3   Nxe4  5. d3   Nf6  6. d4   d5  7. Bd3   Bd6  8. O-O   O-O  9. Bg5   h6  10. Bh4  10... Nc6  11. c3   Be7  12. Re1   Re8  13. Nbd2   Nh5  14. Bxe7   Rxe7  15. Rxe7   Qxe7  16. g3   Nf6  17. Qb3   Qd6  18. Re1   Ne7  19. Ne5   b6  20. Qd1  20... Bf5  21. Bxf5   Nxf5  22. Qf3   Qe6  23. Nd3   Qd7  24. Ne5   Qe6  25. Nd3   Qd7  26. Ne5   Qe6 1/2-1/2

[Event "1st Killer Chess Training Open 2023"]
[Site "Copenhagen"]
[Date "2023.10.16"]
[Round "3.3"]
[White "Castellanos Rodriguez, Reiner"]
[Black "Roe, Simon J"]
[Result "1/2-1/2"]
[WhiteElo "2487"]
[BlackElo "2161"]
[EventDate "2023.10.14"]
[EventType "swiss"]
[EventRounds "9"]
[EventCountry "DEN"]
[SourceTitle "Live v. Obro Skakforening"]

1. e4   e5  2. Nf3   Nf6  3. d3   Nc6  4. g3   Bc5  5. Bg2   d6  6. O-O   O-O  7. Nc3   a6  8. h3   h6  9. Kh2   Be6  10. Be3  10... Bxe3  11. fxe3   Nh7  12. Rf2   Ne7  13. Nh4   c6  14. Qd2   d5  15. Raf1   Ng5  16. Qe2   b5  17. exd5   cxd5  18. e4   d4  19. Nd5   Rc8  20. Nxe7+  20... Qxe7  21. Nf5   Qd7  22. h4   Nh7  23. Bh3   Rc6  24. Qh5   Qc7  25. Kg1   Bxf5  26. exf5   Nf6  27. Qf3   h5  28. Rc1   Rc8  29. Re2   Qd6  30. a3  30... e4  31. dxe4   d3  32. e5   Qc5+  33. Rf2   Qxe5  34. c3   Rd6  35. Rd1   Rcd8  36. Rfd2   Qc5+  37. Kh2   Qc4  38. Re1   a5  39. Qf4   Qc5  40. Re5  40... Qb6  41. Re1   Qc5  42. Re5   Qb6  43. Re1   Qc5  1/2-1/2

[Event "1st Killer Chess Training Open 2023"]
[Site "Copenhagen"]
[Date "2023.10.16"]
[Round "3.4"]
[White "Perets, Dmytro"]
[Black "Hector, Jonny"]
[Result "0-1"]
[WhiteElo "2154"]
[BlackElo "2436"]
[EventDate "2023.10.14"]
[EventType "swiss"]
[EventRounds "9"]
[EventCountry "DEN"]
[SourceTitle "Live v. Obro Skakforening"]

1. Nf3   d5  2. g3   Nc6  3. d4   Bf5  4. Bg2   Nb4  5. Na3   e6  6. Nh4   Bg4  7. c3   Nc6  8. Qb3   Rb8  9. e4   dxe4  10. Bxe4  10... Be7  11. Nc4   Bxh4  12. gxh4   Nge7  13. Bg5   f6  14. Ne3   Bh5  15. Bf4   Bf7  16. Qc2   Ng6  17. Bg3   f5  18. Bxc6+   bxc6  19. Ng2   O-O  20. Rg1  20... f4  21. Nxf4   Nxf4  22. Bxf4   Bg6  23. Be5   Qxh4  24. Qe2   Rf7  25. Bg3   Qh3  26. b3   Rbf8  27. f4   c5  28. Qe3   Qf5  29. Rc1   Rd8  30. Kf2  30... h5  31. Rge1   cxd4  32. cxd4   h4  33. Bxh4   Qxf4+  34. Qxf4   Rxf4+  35. Kg3   Rdxd4  36. Be7   Rf7  37. Bc5   Rd5  38. h4   Bh5  39. Re3   Rf6  40. Be7  40... Rf7  41. Rxc7   Rd4  42. Rc8+   Kh7  43. Rc5   Bd1  44. Bg5   Rd2  45. Rc1   e5  46. Rec3   Rd4  47. Re3   Bh5  48. Rce1   Rd2  49. Rc3   Rd5  50. Rce3  50... Rf5  51. Rc1   Rd2  52. Rce1   Rff2  53. Rg1   Rxa2  54. Be7   a5  55. Bd6   e4  56. Be5   Rf3+  57. Rxf3   exf3  58. Bd4   Kg8  59. Kf4   g6  60. Kg5  60... Kf7  61. Bb6   Ke6  62. Rb1   Ke5  63. Re1+   Kd5  64. Kf4   Kc6  65. Bd8   Kb5  66. Rc1   Rd2  67. Bf6   Rd3  68. Bc3   f2  0-1

[Event "1st Killer Chess Training Open 2023"]
[Site "Copenhagen"]
[Date "2023.10.16"]
[Round "3.5"]
[White "Hacker, Jonas"]
[Black "Praczukowski, Stanislaw"]
[Result "1-0"]
[WhiteElo "2400"]
[BlackElo "2146"]
[EventDate "2023.10.14"]
[EventType "swiss"]
[EventRounds "9"]
[EventCountry "DEN"]
[SourceTitle "Live v. Obro Skakforening"]

1. e4   e6  2. d4   d5  3. Nd2   c5  4. Ngf3   cxd4  5. Nxd4   Nc6  6. Bb5   Bd7  7. Nxc6   bxc6  8. Bd3   Bd6  9. Qe2   Ne7  10. e5  10... Bc7  11. O-O   Ng6  12. Nf3   O-O  13. Ng5   h6  14. Nxf7   Rxf7  15. Bxg6   Rf8  16. Qh5   Rb8  17. b3   c5  18. Bd3   Bb5  19. Bxb5   Rxb5  20. f4  20... d4  21. Bd2   Qd5  22. Qe2   Rbb8  23. Rae1   Bb6  24. Qc4   Qxc4  25. bxc4   Bc7  26. Rb1   Rb6  27. a4   Rfb8  28. Rb5   a6  29. Rxb6   Bxb6  30. Rb1  30... Bc7  31. Rxb8+   Bxb8  32. Ba5   Ba7  33. Bc7   Kf7  34. Kf2   g6  35. Kf3   Ke7  36. Bd6+   Ke8  37. a5  1-0

[Event "1st Killer Chess Training Open 2023"]
[Site "Copenhagen"]
[Date "2023.10.16"]
[Round "3.6"]
[White "Zheng, Harry Z"]
[Black "Jacobsen, Mikkel Manosri"]
[Result "1-0"]
[WhiteElo "2141"]
[BlackElo "2321"]
[EventDate "2023.10.14"]
[EventType "swiss"]
[EventRounds "9"]
[EventCountry "DEN"]
[SourceTitle "Live v. Obro Skakforening"]

1. e4   c6  2. d4   d5  3. e5   Bf5  4. h4   h5  5. Bd3   Bxd3  6. Qxd3   Qa5+  7. Nd2   e6  8. Ne2   Ne7  9. O-O   Nf5  10. Nf3  10... Qb5  11. Qd1   c5  12. c3   Nc6  13. a4   Qb6  14. Bg5   cxd4  15. Nexd4   Ncxd4  16. Nxd4   Nxd4  17. cxd4   Bb4  18. Rc1   O-O  19. Be3   g6  20. g4  20... Qd8  21. Kg2   f5  22. Bg5   Be7  23. Bxe7   Qxe7  24. gxh5   Qxh4  25. Rh1   Qg5+  26. Kf1   Rac8  27. Rc3   Rxc3  28. bxc3   Qh6  29. Rg1   g5  30. Qc1  30... f4  31. Qd1   Kg7  32. Qg4   Rf5  33. Kg2   Qh7  34. f3   Kh6  35. Kh3   b6  36. Rc1   Qc7  37. Qg2   Qc4  38. Qc2   Kxh5  39. Rh1   a6  40. Qh2  40... Kg6  41. Kg4   Kf7  42. Qh8   Ke7  43. Rh7+  1-0

[Event "1st Killer Chess Training Open 2023"]
[Site "Copenhagen"]
[Date "2023.10.16"]
[Round "3.7"]
[White "Zander, Emil"]
[Black "Sgircea, Silvia Raluca"]
[Result "1-0"]
[WhiteElo "2072"]
[BlackElo "2225"]
[EventDate "2023.10.14"]
[EventType "swiss"]
[EventRounds "9"]
[EventCountry "DEN"]
[SourceTitle "Live v. Obro Skakforening"]

1. e4   c5  2. Nf3   Nc6  3. d4   cxd4  4. Nxd4   g6  5. c4   Bg7  6. Be3   Qb6  7. Nb3   Qd8  8. Qd2   Nf6  9. f3   d6  10. Nc3  10... Be6  11. Rc1   a5  12. Na4   Nd7  13. Be2   O-O  14. O-O   Qc7  15. f4   f5  16. exf5   gxf5  17. Bf3   Bf7  18. Rfd1   Rac8  19. Nc3   Rfe8  20. Bd5  20... Nf6  21. Bxf7+   Kxf7  22. Nd5   Qb8  23. Nxf6   Bxf6  24. Nxa5   Qa8  25. Nxc6   bxc6  26. b3   Rg8  27. c5   dxc5  28. Qe2   Rg4  29. Rxc5   Rcg8  30. Qc4+  30... Kg7  31. Rd2   Rd8  32. Qe2   Rd5  33. h3   Rg6  34. Rcxd5   cxd5  35. Bd4   Bxd4+  36. Rxd4   e6  37. Qe5+   Kf7  38. Qc7+   Kf6  39. Ra4   Qf8  40. Ra7  40... Rg3  41. Qe5+  1-0

[Event "1st Killer Chess Training Open 2023"]
[Site "Copenhagen"]
[Date "2023.10.16"]
[Round "3.8"]
[White "Halmeenmaki, Tuomo"]
[Black "Thorsen, Adrian Stenstrop"]
[Result "1-0"]
[WhiteElo "2067"]
[BlackElo "2165"]
[EventDate "2023.10.14"]
[EventType "swiss"]
[EventRounds "9"]
[EventCountry "DEN"]
[SourceTitle "Live v. Obro Skakforening"]

1. d4   d5  2. c4   c6  3. Nf3   Nf6  4. Nc3   e6  5. e3   Nbd7  6. Qc2   Bd6  7. b3   O-O  8. Be2   e5  9. cxd5   cxd5  10. Nb5  10... Bb4+  11. Bd2   Bxd2+  12. Nxd2   e4  13. Rc1   Ne8  14. Nc7   Nxc7  15. Qxc7   Qg5  16. Qg3   Qxg3  17. hxg3   Nf6  18. Nb1   Bd7  19. Nc3   Rab8  20. Bb5  20... Bxb5  21. Nxb5   a6  22. Nc7   Rfd8  23. Kd2   Rd6  24. Rc5   g5  25. Rhc1   Kg7  26. a4   h5  27. b4   Rh8  28. Rh1   Kg6  29. a5   Rb8  30. Rhc1  30... h4  31. gxh4   gxh4  32. b5   axb5  33. Rxb5   Rc8  34. Rxb7   Ne8  35. Rb6   Rxb6  36. axb6   Nxc7  37. Rxc7   Rb8  38. b7   f5  39. Kc3   Kg5  40. Kb4  40... f4  41. exf4+   Kxf4  42. Kc5   e3  43. fxe3+   Kg3  44. Rg7+   Kf2  45. Kc6  1-0

[Event "1st Killer Chess Training Open 2023"]
[Site "Copenhagen"]
[Date "2023.10.16"]
[Round "3.9"]
[White "Falkesgaard, Jeppe Hald"]
[Black "Loftgaard, Mikkel Vinh"]
[Result "0-1"]
[WhiteElo "2162"]
[BlackElo "2151"]
[EventDate "2023.10.14"]
[EventType "swiss"]
[EventRounds "9"]
[EventCountry "DEN"]
[SourceTitle "Live v. Obro Skakforening"]

1. d4   Nf6  2. c4   e6  3. Nf3   d5  4. Nc3   Bb4  5. cxd5   exd5  6. Bg5   h6  7. Bh4   O-O  8. e3   Bf5  9. Be2   Nbd7  10. Qb3  10... Bxc3+  11. Qxc3   c6  12. Nd2   Qb6  13. O-O   a5  14. Bg3   Rfe8  15. Rfc1   Nf8  16. Bd3   Bxd3  17. Qxd3   Ne6  18. Rab1   Ng5  19. f3   Nd7  20. Bf2  20... Ne6  21. b3   c5  22. dxc5   Ndxc5  23. Qxd5   Rad8  24. Nc4   Qa7  25. Nd6   Qa6  26. Rd1   Rd7  27. e4   Red8  28. e5   b6  29. Qc6   Qe2  30. Re1  30... Qxa2  31. Qxb6   Nd3  32. Rf1   Nxe5  33. Nb7   Ra8  34. Rbe1   Rb8  35. Qxa5   Qxb3  36. Qxe5   Rbxb7  37. Rc1   Rd8  38. Bh4   Rb5  39. Qc3   Qxc3  40. Rxc3  40... Rd2  41. f4   Rbb2  42. Bg3   Rxg2+  43. Kh1   f5  44. Re3   Nc5  45. Re8+   Kf7  46. Re3   Ne4  47. Rc1   h5  48. Rb3   Rxh2+  49. Bxh2   Rxb3  50. Kg2  50... h4  51. Bg1   Rg3+  52. Kh2   Rf3  53. Bd4   Nf6  54. Be5   Ng4+  55. Kg2   Rg3+  56. Kh1   Nxe5  0-1

[Event "1st Killer Chess Training Open 2023"]
[Site "Copenhagen"]
[Date "2023.10.16"]
[Round "3.10"]
[White "Chatalbashev, Boris"]
[Black "Nordenbaek, Jan"]
[Result "1-0"]
[WhiteElo "2467"]
[BlackElo "2156"]
[EventDate "2023.10.14"]
[EventType "swiss"]
[EventRounds "9"]
[EventCountry "DEN"]
[SourceTitle "Live v. Obro Skakforening"]

1. d4   Nf6  2. c4   e6  3. Nc3   Bb4  4. Nf3   c5  5. g3   Ne4  6. Qd3   Qa5  7. Qxe4   Bxc3+  8. Bd2   Bxd2+  9. Nxd2   f5  10. Qe5  10... O-O  11. Qxc5   Qxc5  12. dxc5   Na6  13. Nb3   f4  14. Rd1   Rb8  15. Bg2   b6  16. c6   dxc6  17. Nd4   c5  18. Nc6   Rb7  19. gxf4   Rxf4  20. O-O  20... Rc7  21. Rd8+   Rf8  22. Rfd1   Bb7  1-0

[Event "1st Killer Chess Training Open 2023"]
[Site "Copenhagen"]
[Date "2023.10.16"]
[Round "3.11"]
[White "Eckert, Doug"]
[Black "Haubro, Martin"]
[Result "0-1"]
[WhiteElo "2116"]
[BlackElo "2405"]
[EventDate "2023.10.14"]
[EventType "swiss"]
[EventRounds "9"]
[EventCountry "DEN"]
[SourceTitle "Live v. Obro Skakforening"]

1. c4   e5  2. Nc3   Nf6  3. Nf3   Nc6  4. g3   Bb4  5. Nd5   a5  6. Bg2   O-O  7. b3   d6  8. Bb2   Re8  9. O-O   Bc5  10. e3  10... Ba7  11. d4   h6  12. dxe5   Nxe5  13. Nxe5   dxe5  14. Bc3   a4  15. Qc2   Nxd5  16. cxd5   Bb6  17. bxa4   Qd7  18. Qb2   Qd6  19. a5   Bxa5  20. Bxa5  20... Rxa5  21. Rfc1   e4  22. Rc4   Rxd5  23. Qc1   Bg4  24. Qc2   Rd2  25. Qa4   Rd8  26. Bxe4   Qf6  27. Rf1   Be2  28. Rc2   Rxc2  29. Qxc2   Bxf1  30. Kxf1  30... c6  31. a4   Qa1+  32. Kg2   Ra8  0-1

[Event "1st Killer Chess Training Open 2023"]
[Site "Copenhagen"]
[Date "2023.10.16"]
[Round "3.12"]
[White "Skonnord, Uno"]
[Black "Kistrup, Nicolai"]
[Result "1/2-1/2"]
[WhiteElo "2100"]
[BlackElo "2387"]
[EventDate "2023.10.14"]
[EventType "swiss"]
[EventRounds "9"]
[EventCountry "DEN"]
[SourceTitle "Live v. Obro Skakforening"]

1. e4   c5  2. Nc3   Nc6  3. Bb5   Nd4  4. Nf3   a6  5. Bd3   g6  6. Rb1   Bg7  7. b4   cxb4  8. Rxb4   Nc6  9. Rb1   Nf6  10. Nd5  10... O-O  11. Bb2   e6  12. Nxf6+   Bxf6  13. e5   Bg7  14. Ba3   Nxe5  15. Nxe5   Bxe5  16. Bxf8   Qxf8  17. Qe2   Bg7  18. Rb3   b5  19. c3   d5  20. O-O  20... Bd7  21. Rfb1   Qc5  22. h3   Bc6  23. Qg4   Rc8  24. Rb4   Bf8  25. R4b2   Qa3  26. h4   h5  27. Qe2   Qe7  28. g3   Rc7  29. Qe3   Be8  30. Qb6  30... Ra7  31. Re1   Ra8  32. Qd4   Qa3  33. Reb1   Qd6  34. Bc2   e5  35. Qe3   d4  36. Qf3   Rd8  37. Bb3   Qe7  38. Re1   Rd6  39. cxd4   Rxd4  40. Qe3  40... Rd8  41. Rc2   a5  42. a4   Qb4  43. axb5   Qxb5  44. Ba2   Bg7  45. Rc7   Qb2  46. Bc4   Qb8  47. Qc5   Bf8  48. Qxa5   Bd6  49. Ra7   Bb4  50. Qc7  50... Qxc7  51. Rxc7   Kf8  52. Rb7   Bd6  53. d3   Rc8  54. Bb5   Bxb5  55. Rxb5   Rc2  56. Kf1   Kg7  57. Re2   Rc3  58. Rd5   Bc7  59. Rd7   Kf6  60. Rd5  60... Ke6  61. Rb5   Rxd3  62. Kg2   Bd6  63. Rbb2   Bc5  64. Rbd2   Rxd2  65. Rxd2   f5  66. Ra2   e4  67. Ra6+   Kf7  68. Kf1   Bd4  69. Ke2   Kg7  70. Rd6  70... Bc5  71. Rc6   Bd4  72. Ra6   Kf7  73. f3   exf3+  74. Kxf3   Be5  75. Rb6   Kg7  76. Re6   Bb8  77. Rb6   Be5  78. Rb3   Kf6  79. Ra3   Bb8  80. Re3  80... Be5  81. Rb3   Bc7  82. Ke2   Be5  83. Rf3   Bd6  84. Kd3   g5  85. hxg5+   Kxg5  86. Ke2   Kg4  87. Kf2   f4  1/2-1/2

[Event "1st Killer Chess Training Open 2023"]
[Site "Copenhagen"]
[Date "2023.10.17"]
[Round "4.2"]
[White "Brunello, Sabino"]
[Black "Zheng, Harry Z"]
[Result "1-0"]
[WhiteElo "2486"]
[BlackElo "2141"]
[EventDate "2023.10.14"]
[EventType "swiss"]
[EventRounds "9"]
[EventCountry "DEN"]
[SourceTitle "Live v. Obro Skakforening"]

1. c4   e5  2. g3   Nf6  3. Bg2   d5  4. cxd5   Nxd5  5. Nf3   Nc6  6. O-O   Nb6  7. Nc3   Be7  8. b3   O-O  9. Bb2   Be6  10. Rc1  10... f6  11. Ne4   a5  12. d4   f5  13. Nc5   Bxc5  14. dxc5   Nd7  15. Qd2   h6  16. Nh4   Kh7  17. Rfd1   g5  18. Bd5   Bxd5  19. Qxd5   Nf6  20. Qe6  20... Qc8  21. Qxc8   Raxc8  22. Nxf5   Rcd8  23. f3   Nd5  24. g4   Ndb4  25. a3   Na6  26. Kf2   Rxd1  27. Rxd1   Nxc5  28. b4   axb4  29. axb4   Nxb4  30. Bxe5  30... Nba6  31. h4   gxh4  32. Rh1   Re8  33. Bd4   Ne6  34. Be3   Ng7  35. Rxh4   Nxf5  36. gxf5   Kg7  37. Bxh6+   Kf7  38. Bf4   Kf6  39. e4   Nc5  40. Bxc7  40... b5  41. Rh6+   Kg7  42. Rb6   b4  43. Bd6   Nxe4+  44. fxe4   Rxe4  45. Kf3   Re1  46. Bxb4   Rf1+  47. Ke4   Kf7  48. Rb7+   Kg8  49. Ke5   Rf2  50. Bd6  50... Re2+  51. Kf6   Re8  52. Rg7+   Kh8  53. Rg1  1-0

[Event "1st Killer Chess Training Open 2023"]
[Site "Copenhagen"]
[Date "2023.10.17"]
[Round "4.3"]
[White "Hector, Jonny"]
[Black "Zander, Emil"]
[Result "1-0"]
[WhiteElo "2436"]
[BlackElo "2072"]
[EventDate "2023.10.14"]
[EventType "swiss"]
[EventRounds "9"]
[EventCountry "DEN"]
[SourceTitle "Live v. Obro Skakforening"]

1. e4   c5  2. Nc3   d6  3. f4   g6  4. d4   cxd4  5. Qxd4   Nf6  6. Nf3   Nc6  7. Qf2   Bg7  8. Bd3   O-O  9. h3   Qa5  10. Bd2  10... Qc7  11. O-O   e6  12. Rae1   a6  13. Qh4   Qe7  14. f5   Ne8  15. fxg6   Qxh4  16. gxf7+   Rxf7  17. Nxh4   Rxf1+  18. Rxf1   b5  19. Nf3   Bd7  20. Nd1  20... b4  21. b3   a5  22. Ne3   Rc8  23. Nc4   Ra8  24. Nb6   Ra7  25. Bc4   Nd4  26. Be3   Nxc2  1-0